00615nam a2200193Ia 450000500170000000800410001702000150005808200210007310000130009424501020010726000380020930000170024765000080026465000150027265000160028794200060030395200970030999900150040620250117000638.0240331s9999 xx 000 0 und d a041507620X bJEF23580a305.3 aHearn, J 0aMen in the Public Eye:bThe construction and deconstruction of public men and public patriarchies aLondonaNew YorkbRoutledgec1992 axii, 292 p., aMen aPatriarchy aMasculinity cL 001040708LaWERCLbWERCLcSSCd2024-03-31l0o 305.3 HEAp3580r2024-03-31w2024-03-31yL c1584d1584